Blood and honor / (Record no. 299)

MARC details
000 -LEADER
fixed length control field 00803cam a2200277Ia 4500
001 - CONTROL NUMBER
control field 6523
003 - CONTROL NUMBER IDENTIFIER
control field GBCCL
005 - DATE AND TIME OF LATEST TRANSACTION
control field 20241126110335.0
008 - FIXED-LENGTH DATA ELEMENTS--GENERAL INFORMATION
fixed length control field 830820s1983 mnua 00010aeng d
010 ## -
-- 79057520
020 ## - INTERNATIONAL STANDARD BOOK NUMBER
International Standard Book Number 0891911928
035 ## - SYSTEM CONTROL NUMBER
System control number OCM09831183
040 ## - CATALOGING SOURCE
Original cataloging agency IOS
Transcribing agency IOS
Modifying agency LBB
049 ## -
-- LBBK
082 ## - DEWEY DECIMAL CLASSIFICATION NUMBER
Classification number 943.086
Item number KER
100 1# - MAIN ENTRY--PERSONAL NAME
Personal name Kerstan, Reinhold,
Dates associated with a name 1931-
9 (RLIN) 248
245 10 - TITLE STATEMENT
Title Blood and honor /
Statement of responsibility, etc. Kerstan.
250 ## - EDITION STATEMENT
Edition statement 2nd ed.
260 ## - PUBLICATION, DISTRIBUTION, ETC.
Place of publication, distribution, etc. Minneapolis, Minn. :
Name of publisher, distributor, etc. World Wide,
Date of publication, distribution, etc. 1983.
300 ## - PHYSICAL DESCRIPTION
Extent 192 p. :
Other physical details ill. ;
Dimensions 21 cm.
500 ## - GENERAL NOTE
General note Special Crusade edition printed for the Billy Graham Evangelistic Association.
600 10 - SUBJECT ADDED ENTRY--PERSONAL NAME
Personal name Kerstan, Reinhold,
Dates associated with a name 1931-
9 (RLIN) 248
610 20 - SUBJECT ADDED ENTRY--CORPORATE NAME
Corporate name or jurisdiction name as entry element Hitler-Jugend.
9 (RLIN) 249
650 #0 - SUBJECT ADDED ENTRY--TOPICAL TERM
Topical term or geographic name entry element Baptists
Geographic subdivision United States
Form subdivision Biography.
9 (RLIN) 250
942 ## - ADDED ENTRY ELEMENTS (KOHA)
Source of classification or shelving scheme Dewey Decimal Classification
Koha item type Books
Holdings
Withdrawn status Lost status Source of classification or shelving scheme Damaged status Not for loan Home library Current Library Shelving location Date acquired Total checkouts Full call number Barcode Date last seen Copy number Price effective from Koha item type
    Dewey Decimal Classification     GRACE BIBLE COLLEGE GRACE BIBLE COLLEGE General Studies 2016-10-17   943.086 KER 001031 2025-05-01 c.1 2016-10-17 Books
    Dewey Decimal Classification     GRACE BIBLE COLLEGE GRACE BIBLE COLLEGE General Studies 2016-10-24   943.086 KER ;1 001037 2025-05-01 c.2 2016-10-24 Books
    Dewey Decimal Classification     GRACE BIBLE COLLEGE GRACE BIBLE COLLEGE General Studies 2017-08-14   943.086 KER 002015 2025-05-01 c.3 2017-08-14 Books
© Grace Bible College Library 2025